Commercial property unit trusts (Record no. 43718)

MARC details
000 -LEADER
fixed length control field 00932cab a2200253 4500
001 - CONTROL NUMBER
control field WB2734-10
008 - FIXED-LENGTH DATA ELEMENTS--GENERAL INFORMATION
fixed length control field 090401t1991 xxu||||| |||| 00| 0 eng d
035 ## - SYSTEM CONTROL NUMBER
System control number (Sirsi) u69595
041 ## - LANGUAGE CODE
Language code of text/sound track or separate title eng
245 ## - TITLE STATEMENT
Title Commercial property unit trusts
260 ## - PUBLICATION, DISTRIBUTION, ETC.
Date of publication, distribution, etc. 1991
350 ## - PRICE (NR) (BK AM CF MU VM SE) [OBSOLETE]
Price 0
490 ## - SERIES STATEMENT
Series statement Independent
Volume/sequential designation 3 September 1991, 18
490 ## - SERIES STATEMENT
Series statement Financial Times
Volume/sequential designation 4 SEptember 1991, 8
490 ## - SERIES STATEMENT
Series statement Money Week
Volume/sequential designation (222) 4 September 1991, 1
490 ## - SERIES STATEMENT
Series statement Daily Telegraph
Volume/sequential designation 5 September 1991, 23(2)
520 ## - SUMMARY, ETC.
Summary, etc. Norwich Union and Barclays Unicorn have launched unit trusts allowing direct private investment in commercial property , following authorisation from the Securities and Investment Board .
650 ## - SUBJECT ADDED ENTRY--TOPICAL TERM
Topical term or geographic name entry element COMMERCIAL PROPERTY UNIT TRUSTS
650 ## - SUBJECT ADDED ENTRY--TOPICAL TERM
Topical term or geographic name entry element PRIVATE INVESTORS
650 ## - SUBJECT ADDED ENTRY--TOPICAL TERM
Topical term or geographic name entry element PROPERTY BONDS
690 ## - LOCAL SUBJECT ADDED ENTRY--TOPICAL TERM (OCLC, RLIN)
Topical term or geographic name as entry element PROPERTY-COMMERCIAL PROPERTY-COMMERCIAL PROPERTY FINANCE AND INVESTMENT
942 ## - ADDED ENTRY ELEMENTS (KOHA)
Suppress in OPAC 0
948 ## - LOCAL PROCESSING INFORMATION (OCLC); SERIES PART DESIGNATOR (RLIN)
c (OCLC) 04/03/1997
Holdings
Withdrawn status Lost status Source of classification or shelving scheme Damaged status Not for loan Home library Current library Shelving location Date acquired Total Checkouts Full call number Barcode Date last seen Copy number Price effective from Koha item type
    Dewey Decimal Classification     London London News article 14/09/1999   WB2734-10 69595-1001 06/08/2019 1 06/08/2019 News article